Conversaciones sobre la economia política en las cuales se esplican [sic] de un modo simple y familiar los elementos de esta ciencia / (Record no. 158162)

MARC details
000 -LEADER
campo de control de longitud fija 00877nam a22002055i 4500
001 - NÚMERO DE CONTROL
campo de control 158162
003 - IDENTIFICADOR DE NÚMERO DE CONTROL
campo de control ES-MaACL
005 - FECHA Y HORA DE LA ÚLTIMA TRANSACCIÓN
campo de control 20250721062638.0
008 - DATOS DE LONGITUD FIJA--INFORMACIÓN GENERAL
campo de control de longitud fija 940202s1835 sp |||| | spa d
040 ## - FUENTE DE CATALOGACIÓN
Centro catalogador/agencia de origen CAM
Lengua de catalogación spa
100 1# - ENTRADA PRINCIPAL--NOMBRE DE PERSONA
Nombre de persona Lowry.
9 (RLIN) 129103
245 10 - MENCIÓN DEL TÍTULO
Título Conversaciones sobre la economia política en las cuales se esplican [sic] de un modo simple y familiar los elementos de esta ciencia /
Mención de responsabilidad, etc. obra escrita en inglés por la Sra. Lowry ; y traducida de dicho idioma al castellano por D. Gerónimo de la Escosura.
260 ## - PUBLICACIÓN, DISTRIBUCIÓN, ETC.
Lugar de publicación, distribución, etc. Madrid :
Nombre del editor, distribuidor, etc. [s.n.],
Fecha de publicación, distribución, etc. 1835 (
Fabricante Imprenta de Repullés)
300 ## - DESCRIPCIÓN FÍSICA
Extensión 2 v.(XIV, [1], 376; [5], 325, [2] p.) ;
Dimensiones 16 cm.
650 #7 - PUNTO DE ACCESO ADICIONAL DE MATERIA--TÉRMINO DE MATERIA
Término de materia o nombre geográfico como elemento de entrada Economía
Fuente del encabezamiento o término embne
9 (RLIN) 12006
700 11 - ENTRADA AGREGADA--NOMBRE PERSONAL
Nombre de persona Escosura, Geronimo de la,
Término indicativo de función/relación
9 (RLIN) 126954
700 11 - ENTRADA AGREGADA--NOMBRE PERSONAL
Nombre de persona Repullés,
Término indicativo de función/relación
9 (RLIN) 131719
852 ## - LOCALIZACIÓN
Ubicación ES-MaACL
Número de control de estantería D-3331-3332
Nota libre -- Enc. pasta española
Holdings
Estatus retirado Estado de pérdida Estado de daño No para préstamo Colección Biblioteca de origen Biblioteca actual Ubicación en estantería Fecha de adquisición Fuente de adquisición Total de préstamos Signatura topográfica completa Código de barras Visto por última vez Precio de reemplazo Tipo de ítem Koha
        Libros del s. XIX Biblioteca del Ateneo de Madrid Biblioteca del Ateneo de Madrid Sala Valle Inclán 17/01/2008     D-3331-3332 901165532 23/02/2023 23/02/2023 Libro impreso antiguo